00491nam a22001457a 4500003000500000082000800005100003000013245009800043264003600141300003300177500001400210650003000224700003400254856005700288NUST a621 aZahir, Mian Muhammad Asim aFinite Element Analysis of Knee Implant for Orthopedic ApplicationscMian Muhammad Asim Zahir aIslamabad: bSMME- NUST. c2015 aviii. 40pbSoft Copy,c30cm. aHardcover aMS Mechanical Engineering aSupervisor : Dr. Mushtaq khan uhttp://10.250.8.41:8080/xmlui/handle/123456789/42105